A Guide to Business Communication (Record no. 5475)

MARC details
000 -LEADER
fixed length control field 01409nam a2200157 4500
020 ## - INTERNATIONAL STANDARD BOOK NUMBER
ISBN 9780134530529
050 ## - CALL NUMBER
Classification number HF5718.N67
100 ## - AUTHOR
Personal name Margot Northey
245 ## - TITLE
Title A Guide to Business Communication
Statement of responsibility, etc Margot Northey
250 ## - EDITION
Edition statement 2nd ed
260 ## - PUBLICATION INFORMATION
Place of publication Ontario
Name of publisher Prentice-Hall
300 ## - DESCRIPTION
Number of Pages ix,225p
Other physical details illus, 23cm
500 ## - NOTES
General note Index
505 ## - FORMATTED CONTENTS NOTE
Table of Content 1 Thinking About Communications 1<br/>2 Strategies in planning for writing and speaking 15<br/>3 Writing clearly 29<br/>4 Writing Impact 40<br/>5 Letters and memos: Routine and Good news writing 51<br/>6 Refusals or Bad news writing 72<br/>7 Persuasive writing 85<br/>8 Informal Reports 105<br/>9 Formal reports and proposals 125<br/>10 Oral presentations and meeting management 145<br/>Communicating to get a job 166<br/>A practical grammer 184<br/>Guide to punctuation 196<br/>Index 217
942 ## - ADDED ENTRY ELEMENTS (KOHA)
Koha item type Books
Holdings
Withdrawn status Lost status Collection code Home library Current library Shelving location Date acquired Full call number Accession Number Koha item type
    Reference Methodist University Library Main Methodist University Library Main General Stacks 26/06/2019 HF5718.N67 16398 Books
Copyright © 2026  MUG Library